Statistics for Business & Economics (Record no. 377)

MARC details
000 -LEADER
fixed length control field 00413nam a22001697a 4500
005 - DATE AND TIME OF LATEST TRANSACTION
control field 20180531123128.0
008 - FIXED-LENGTH DATA ELEMENTS--GENERAL INFORMATION
fixed length control field 160430b xxu||||| |||| 00| 0 eng d
020 ## - INTERNATIONAL STANDARD BOOK NUMBER
ISBN 1403-91104-5
041 ## - LANGUAGE CODE
Language code of text/sound track or separate title eng
082 ## - DEWEY DECIMAL CLASSIFICATION NUMBER
Item number 1040
Classification number 519.5
100 ## - MAIN ENTRY--AUTHOR NAME
Personal name Hooda R.P.
245 ## - TITLE STATEMENT
Title Statistics for Business & Economics
260 ## - PUBLICATION, DISTRIBUTION, ETC. (IMPRINT)
Name of publisher Mc Millan India Pvt. Ltd.
Year of publication 1994
300 ## - PHYSICAL DESCRIPTION
Number of Pages 855
650 ## - SUBJECT ADDED ENTRY--TOPICAL TERM
Topical Term Management
942 ## - ADDED ENTRY ELEMENTS (KOHA)
Koha item type Books
Holdings
Lost status Damaged status Collection code Home library Current library Shelving location Date acquired Source of acquisition Cost, normal purchase price Full call number Accession Number Koha item type
    MANAGEMENT JRU Library JRU Library SHELF-76 A 30/04/2016 PURCHASE 380.00 519.5 1040 Books